[Event "4NCL/Div4/HKF vs. SLO3 prelims"]
[Site "Telford ENG"]
[Date "2003.03.09"]
[Round "6.1"]
[White "Wilson, Jonathan"]
[Black "Crichton, Martin"]
[Result "1-0"]
[WhiteElo "2310"]
[BlackElo "2002"]
[PlyCount "83"]
[EventDate "2003.03.09"]

1. d4 Nf6 2. c4 c5 3. d5 b5 4. Nf3 g6 5. cxb5 a6 6. Qc2 Bg7 7. e4 d6 8. Nc3 O-O
9. a4 axb5 10. Bxb5 Na6 11. O-O Nb4 12. Qb3 Ba6 13. Bd2 Bxb5 14. Nxb5 Nxe4 15.
Bxb4 cxb4 16. Qxb4 Nc5 17. Ra3 Qd7 18. Rfa1 Rab8 19. Nfd4 Bxd4 20. Qxd4 Nxa4
21. Nxd6 Qxd6 22. Rxa4 Rb5 23. Ra8 Rfb8 24. Rxb8+ Qxb8 25. Rb1 Qb7 26. d6 exd6
27. Qxd6 Rd5 28. Qa3 Qd7 29. Qa8+ Kg7 30. Qa1 Rd2 31. b4+ Kh6 32. Rf1 Qd4 33.
Qxd4 Rxd4 34. Rb1 Rd6 35. b5 Rb6 36. f4 Kg7 37. Kf2 Kf6 38. Ke3 Ke6 39. Kd4 Kd6
40. Kc4 Kc7 41. Ra1 Rd6 42. Ra7+ 1-0

[Event "4NCL/Div4/HKF vs. SLO3 prelims"]
[Site "Telford ENG"]
[Date "2003.03.09"]
[Round "6.2"]
[White "Roberson, Peter T"]
[Black "Truran, Michael"]
[Result "1/2-1/2"]
[WhiteElo "1792"]
[BlackElo "2205"]
[PlyCount "136"]
[EventDate "2003.03.09"]

1. e4 e6 2. d4 d5 3. exd5 exd5 4. Bd3 Nf6 5. Bf4 Bg4 6. Nf3 Be7 7. O-O O-O 8.
Nbd2 Bh5 9. Re1 Nbd7 10. Bxc7 Qxc7 11. Rxe7 Qd6 12. Re1 Qb4 13. Qc1 Rac8 14. c3
Qd6 15. Ne5 Nb8 16. Ndf3 Ne8 17. Qc2 Nf6 18. Re3 Nc6 19. Bf5 Rc7 20. Qd2 Bg6
21. Nxg6 hxg6 22. Bd3 Ne7 23. Ne5 Nf5 24. Rf3 Nh6 25. Re1 Re8 26. h3 Rce7 27.
Rfe3 Nf5 28. R3e2 Qb6 29. Bxf5 gxf5 30. f3 Nh5 {{=} 31. Nd3 Qd6 32. Rxe7 Rxe7
33. Rxe7 Qxe7 34. Qe1 Qxe1+ 35. Nxe1 Nf4 36. Kf2 Kf8 37. h4 Ke7 38. g3 Ne6 39.
Nd3 Kd6 40. Ke3 b6 41. Nf4 Nc7 42. b3 b5 43. g4 fxg4 44. fxg4 f6 45. Kd3 Ne8
46. c4 bxc4+ 47. bxc4 dxc4+ 48. Kxc4 g5 49. h5 gxf4 50. h6 Kc6 51. d5+ Kd7 52.
Kd4 Nd6 53. h7 Nf7 54. Ke4 Ng5+ 55. Kxf4 Nxh7 56. Kf5 Ke7 57. d6+ Kxd6 58. Kg6
Nf8+ 59. Kxf6 a5 60. g5 a4 61. g6 Ne6 62. g7 Nxg7 63. Kxg7 Kc5 64. Kf6 Kb4 65.
Ke5 Ka3 66. Kd4 Kb2 67. Kd3 a3 68. Kd2 Kb1 1/2-1/2

[Event "4NCL/Div4/HKF vs. SLO3 prelims"]
[Site "Telford ENG"]
[Date "2003.03.09"]
[Round "6.3"]
[White "Ogunshula, Ben"]
[Black "Johnson, Nigel A"]
[Result "1-0"]
[WhiteElo "2164"]
[BlackElo "1672"]
[PlyCount "41"]
[EventDate "2003.03.09"]

1. c4 Nf6 2. Nf3 c5 3. Nc3 Nc6 4. g3 g6 5. Bg2 Bg7 6. O-O O-O 7. d4 d6 8. b3 e5
9. dxc5 dxc5 10. Be3 Qe7 11. Nd5 Nxd5 12. cxd5 e4 13. dxc6 exf3 14. Bxf3 Bxa1
15. Qxa1 f6 16. Rc1 Rf7 17. Bxc5 Qe8 18. Bd4 Kg7 19. Bxf6+ Rxf6 20. cxb7 Bxb7
21. Rc7+ 1-0

[Event "4NCL/Div4/HKF vs. SLO3 prelims"]
[Site "Telford ENG"]
[Date "2003.03.09"]
[Round "6.4"]
[White "Morrison, Munroe"]
[Black "Fowler, Simon"]
[Result "0-1"]
[WhiteElo "1640"]
[BlackElo "2160"]
[PlyCount "76"]
[EventDate "2003.03.09"]

1. e4 e6 2. d4 d5 3. e5 c5 4. c3 Nc6 5. Nf3 Bd7 6. dxc5 Bxc5 7. b4 Bb6 8. Bd3
Nge7 9. b5 Na5 10. Bf4 Rc8 11. O-O Ng6 12. Bg3 Qe7 13. a4 f6 14. exf6 gxf6 15.
Nh4 Qf7 16. Kh1 Nc4 17. Qe2 Nxh4 18. Bxh4 Ne5 19. f4 {{=} 19... Nxd3 20. Qxd3
Rg8 21. Nd2 Rg4 22. Bg3 Qh5 23. Qf3 Qf5 24. c4 dxc4 25. Ne4 Ke7 26. Rad1 Rcg8
27. Qa3+ Kd8 28. Rxd7+ Kxd7 29. Rd1+ Kc7 30. Qd6+ Kc8 31. Qd7+ Kb8 32. Nd6 R4g7
33. Qxg7 Rxg7 34. Nxf5 exf5 35. Rc1 Rc7 36. Bh4 Bd4 37. Rd1 c3 38. Be1 c2 0-1

[Event "4NCL/Div4/HKF vs. SLO3 prelims"]
[Site "Telford ENG"]
[Date "2003.03.09"]
[Round "6.5"]
[White "Dupré, Paul D"]
[Black "Houska, Mario"]
[Result "1-0"]
[WhiteElo "2040"]
[BlackElo "1656"]
[PlyCount "63"]
[EventDate "2003.03.09"]

1. d4 d5 2. Nf3 Nf6 3. Bg5 Bf5 4. e3 Nbd7 5. c4 Ne4 6. Bf4 c6 7. Qb3 Qa5+ 8.
Nc3 Nb6 9. c5 Nxc3 10. bxc3 Na4 11. Rc1 b5 12. Ne5 Bd7 13. e4 e6 14. exd5 exd5
15. Bd3 a6 16. O-O Qd8 17. c4 Nxc5 18. dxc5 bxc4 19. Nxc4 dxc4 20. Bxc4 Qf6 21.
Rfe1+ Be7 22. Bd6 Be6 23. Bxe7 Qxe7 24. Bxe6 O-O 25. Bg4 Qf6 26. Bf3 Rfb8 27.
Qa4 Rb5 28. Qxa6 Rbb8 29. Qxc6 Qb2 30. Qxa8 Rxa8 31. Bxa8 g5 32. c6 1-0

[Event "4NCL/Div4/HKF vs. SLO3 prelims"]
[Site "Telford ENG"]
[Date "2003.03.09"]
[Round "6.6"]
[White "Roberson, John"]
[Black "Pym, Thomas W"]
[Result "0-1"]
[WhiteElo "1240"]
[BlackElo "1998"]
[PlyCount "56"]
[EventDate "2003.03.09"]

1. b4 Nf6 2. Bb2 e6 3. a3 d5 4. d3 c5 5. bxc5 Bxc5 6. d4 Bd6 7. g3 O-O 8. Bg2
Nc6 9. e3 e5 10. Ne2 Bg4 11. f3 Bf5 12. Nd2 Qb6 13. Ra2 Rfe8 14. O-O exd4 15.
Nxd4 Rxe3 16. N2b3 Rxb3 17. cxb3 Bc5 18. Kh1 Nxd4 19. b4 Nc2 20. bxc5 Qb3 21.
Bxf6 Qxa2 22. Bg5 Qc4 23. Bc1 Bd3 24. Rf2 Re8 25. Bd2 Qxc5 26. Bf1 Qxf2 27.
Bxd3 Ne1 28. Bxh7+ Kxh7 0-1

[Event "4NCL/Div4/MET vs. AD3 prelims"]
[Site "Telford ENG"]
[Date "2003.03.09"]
[Round "6.1"]
[White "Fogarasi, Norbert"]
[Black "Kreuzer, Christopher"]
[Result "1-0"]
[WhiteElo "2162"]
[BlackElo "1792"]
[PlyCount "87"]
[EventDate "2003.03.09"]

1. e4 c5 2. Nc3 d6 3. f4 e6 4. Bb5+ Bd7 5. Bxd7+ Nxd7 6. Nf3 Ne7 7. O-O Nc6 8.
d3 Be7 9. Kh1 Bf6 10. Ne2 b5 11. g4 h6 12. f5 exf5 13. gxf5 Nde5 14. Nf4 Nxf3
15. Qxf3 Be5 16. Nd5 Qh4 17. Bf4 Bxf4 18. Qxf4 Qxf4 19. Rxf4 O-O 20. Rg1 Kh7
21. Rfg4 Rg8 22. Nf4 Ne5 23. R4g3 g6 24. Nd5 Kh8 25. Rh3 Kg7 26. fxg6 fxg6 27.
Ne7 Rgf8 28. Nf5+ Rxf5 29. exf5 g5 30. Re3 Rf8 31. Rf1 Rf6 32. c3 Kf7 33. d4
Nc6 34. dxc5 dxc5 35. Rd3 a5 36. Rd7+ Ke8 37. Rd5 b4 38. Re1+ Kf8 39. Rxc5 bxc3
40. bxc3 Ne7 41. Rf1 Rc6 42. Rxc6 Nxc6 43. Kg2 Kf7 44. Rd1 1-0

[Event "4NCL/Div4/MET vs. AD3 prelims"]
[Site "Telford ENG"]
[Date "2003.03.09"]
[Round "6.2"]
[White "Westwood, Richard D"]
[Black "Dickson, George"]
[Result "0-1"]
[WhiteElo "1736"]
[BlackElo "2016"]
[PlyCount "30"]
[EventDate "2003.03.09"]

1. e4 d6 2. Bc4 Nf6 3. d3 Nc6 4. f4 Bg4 5. Nf3 Nd4 6. Nbd2 d5 7. Bb3 dxe4 8.
dxe4 e6 9. c3 Nxb3 10. Qxb3 Qd3 11. Qxb7 Qe3+ 12. Kd1 Rd8 13. Qc6+ Ke7 14. e5
Ne4 15. Re1 Rxd2+ 0-1

[Event "4NCL/Div4/MET vs. AD3 prelims"]
[Site "Telford ENG"]
[Date "2003.03.09"]
[Round "6.3"]
[White "Calvert, D Ian"]
[Black "Pritchard, David"]
[Result "1/2-1/2"]
[WhiteElo "2040"]
[BlackElo "1768"]
[PlyCount "44"]
[EventDate "2003.03.09"]

1. b3 Nf6 2. Bb2 g6 3. Nf3 Bg7 4. g3 d6 5. d4 O-O 6. Bg2 c6 7. O-O Bg4 8. h3
Bxf3 9. Bxf3 Nbd7 10. c4 Re8 11. Nc3 e5 12. e3 e4 13. Bg2 d5 14. cxd5 cxd5 15.
Rc1 a6 16. Na4 Rc8 17. Rxc8 Qxc8 18. Qb1 Qb8 19. Rc1 Rc8 20. Rxc8+ Qxc8 21. Qc1
Qxc1+ 22. Bxc1 Bf8 1/2-1/2

[Event "4NCL/Div4/MET vs. AD3 prelims"]
[Site "Telford ENG"]
[Date "2003.03.09"]
[Round "6.4"]
[White "Rea, Bill"]
[Black "Djabri, Zafer M"]
[Result "0-1"]
[WhiteElo "1656"]
[BlackElo "1864"]
[PlyCount "64"]
[EventDate "2003.03.09"]

1. e4 c5 2. Nf3 Nc6 3. d4 cxd4 4. Nxd4 Nf6 5. Nxc6 bxc6 6. Nc3 e6 7. Bd3 Bb4 8.
Bd2 d5 9. O-O O-O 10. e5 Nd7 11. f4 Nc5 12. Kh1 Nxd3 13. cxd3 Ba6 14. Rf3 Be7
15. Rh3 g6 16. g4 f6 17. exf6 Bxf6 18. Qe2 Qd6 19. Re1 Rae8 20. g5 Bh8 21. Qg4
e5 22. Qh4 Qc7 23. Ne2 Bc8 24. Re3 e4 25. d4 Ba6 26. Bb4 Rf7 27. Bc5 Bxe2 28.
R1xe2 Rxf4 29. Qh3 Qf7 30. Ra3 Ra8 31. Qb3 Rf3 32. Qb4 Rxa3 0-1

[Event "4NCL/Div4/MET vs. AD3 prelims"]
[Site "Telford ENG"]
[Date "2003.03.09"]
[Round "6.5"]
[White "Kruszynski, Robert G"]
[Black "Roberts, Colin"]
[Result "1-0"]
[WhiteElo "1792"]
[BlackElo "1576"]
[PlyCount "77"]
[EventDate "2003.03.09"]

1. e4 c6 2. c4 d5 3. cxd5 cxd5 4. exd5 Nf6 5. Bb5+ Bd7 6. Bc4 Bg4 7. f3 Bf5 8.
Nc3 Nbd7 9. d3 Nb6 10. Qb3 Rc8 11. Be3 Nxc4 12. dxc4 b6 13. Rc1 Qd6 14. Nb5 Qd7
15. Nd4 e5 16. Nxf5 Qxf5 17. Ne2 Qd7 18. Nc3 Be7 19. O-O O-O 20. Rfd1 Rfd8 21.
Ne4 Ne8 22. c5 bxc5 23. Nxc5 Bxc5 24. Rxc5 Rxc5 25. Bxc5 Nd6 26. Qb4 f6 27. b3
Kf7 28. Qa5 Ra8 29. Qa6 Nb5 30. d6 Rc8 31. b4 Rb8 32. a4 Nc3 33. Qc4+ Kg6 34.
Qxc3 Rd8 35. Qd3+ Kf7 36. a5 Qc6 37. d7 Ke6 38. Qc4+ Kf5 39. Qg4# 1-0

[Event "4NCL/Div4/MET vs. AD3 prelims"]
[Site "Telford ENG"]
[Date "2003.03.09"]
[Round "6.6"]
[White "Graham, Louis"]
[Black "Young, Collins"]
[Result "0-1"]
[WhiteElo "1360"]
[BlackElo "1664"]
[PlyCount "100"]
[EventDate "2003.03.09"]

1. d4 d5 2. Nf3 Bf5 3. Bf4 Nf6 4. e3 e6 5. Bd3 Bxd3 6. Qxd3 c6 7. c3 Be7 8. O-O
Nh5 9. Bg3 Nxg3 10. fxg3 Nd7 11. Nbd2 O-O 12. e4 Qb6 13. Qc2 Rac8 14. Kh1 h6
15. b4 Qc7 16. Nb3 b6 17. Qe2 Nf6 18. e5 Ne4 19. Rac1 c5 20. bxc5 bxc5 21. Qe3
c4 22. Nbd2 Nxd2 23. Qxd2 Rb8 24. Rb1 Rb6 25. Qc2 Rfb8 26. Rxb6 Qxb6 27. Qa4 a6
28. Qd7 Rb7 29. Qe8+ Bf8 30. Nh4 Qb1 31. Qxf7+ Rxf7 32. Rxb1 Rf2 33. Ng6 Rxa2
34. Nf4 Kf7 35. Rf1 a5 36. Nxd5+ Ke8 37. Nb6 a4 38. Nxc4 a3 39. h3 Rc2 40. Nxa3
Bxa3 41. Rf3 Bb2 42. Rd3 Rxc3 43. Rd2 Rb3 44. Kh2 Rb5 45. h4 Kd7 46. Rf2 Rb7
47. Rf4 Kc6 48. Re4 Kd5 49. Re2 Bxd4 50. Rd2 Kxe5 0-1

[Event "4NCL/Div4/WGR3 vs. ATH2 prelims"]
[Site "Telford ENG"]
[Date "2003.03.09"]
[Round "6.1"]
[White "Watson, Ron"]
[Black "Seymour, Timothy P"]
[Result "1/2-1/2"]
[WhiteElo "2248"]
[BlackElo "1688"]
[PlyCount "66"]
[EventDate "2003.03.09"]

1. d4 f5 2. Bg5 g6 3. Nc3 Bg7 4. e4 fxe4 5. Nxe4 d5 6. Ng3 Nh6 7. Nf3 Qd6 8. c3
Nf7 9. Be3 e5 10. dxe5 Nxe5 11. Be2 Nbc6 12. Qb3 Ng4 13. Bg5 h6 14. Bd2 Be6 15.
h3 Nge5 16. O-O-O O-O-O 17. Be3 Qe7 18. Qa4 Kb8 19. Rhe1 Nc4 20. Bxc4 dxc4 21.
Nd2 Qf7 22. Nge4 Bd5 23. f3 Rhe8 24. Nc5 b6 25. Na6+ Kb7 26. Nb4 Nxb4 27. Qxb4
Rd6 28. Bf2 Rxe1 29. Rxe1 Re6 30. Rxe6 Qxe6 31. Qa4 h5 32. Kd1 Bh6 33. Qc2 Qf5
{=} 1/2-1/2

[Event "4NCL/Div4/WGR3 vs. ATH2 prelims"]
[Site "Telford ENG"]
[Date "2003.03.09"]
[Round "6.2"]
[White "Kay, Jonathan"]
[Black "Savage, Ben D"]
[Result "0-1"]
[WhiteElo "1672"]
[BlackElo "2172"]
[PlyCount "125"]
[EventDate "2003.03.09"]

1. e4 c5 2. Nf3 Nc6 3. c3 d5 4. exd5 Qxd5 5. Be2 Nf6 6. d3 Bf5 7. Be3 e5 8. c4
Qd7 9. Nh4 Be6 10. Nc3 Be7 11. Nf3 h6 12. Qd2 Bf5 13. h3 b6 14. Rd1 Rd8 15. a3
Qe6 16. Qc2 Qxc4 17. g4 Bg6 18. g5 hxg5 19. Nxg5 Nd4 20. Qd2 Qa6 21. Bxd4 exd4
22. Nce4 Nxe4 23. Nxe4 Qc8 24. h4 Rxh4 25. Rxh4 Bxh4 26. Qf4 Be7 27. Bg4 Qc6
28. Bf3 Qe6 29. Kd2 Bxe4 30. Bxe4 Qh6 31. Qxh6 gxh6 32. Rh1 Rd6 33. Kc2 Rf6 34.
f3 Bf8 35. Kb3 Kd7 36. Rh5 Rf4 37. Kc4 Ke6 38. Bd5+ Kf6 39. Be4 Kg7 40. Kb5 Be7
41. Kc4 Bg5 42. b3 f5 43. Bc6 Rh4 44. Rxh4 Bxh4 45. b4 cxb4 46. axb4 Bf2 47. b5
Kg6 48. f4 Kh5 49. Kd5 Kg4 50. Ke5 Be3 51. Bd7 Bxf4+ 52. Kf6 h5 53. Bxf5+ Kg3
54. Be4 h4 55. Kf5 h3 56. Bh1 Be3 57. Ke4 Kh2 58. Bf3 Kg1 59. Bg4 h2 60. Bf3
h1=Q 61. Bxh1 Kxh1 62. Kf3 Kh2 63. Ke2 0-1

[Event "4NCL/Div4/SXM vs. NKN2 prelims"]
[Site "Telford ENG"]
[Date "2003.03.09"]
[Round "6.1"]
[White "Almond, Richard"]
[Black "Spencer, Douglas"]
[Result "1-0"]
[WhiteElo "2127"]
[BlackElo "1847"]
[PlyCount "47"]
[EventDate "2003.03.09"]

1. d4 d5 2. c4 e6 3. Nc3 Nf6 4. cxd5 exd5 5. Bg5 Be7 6. e3 c6 7. Bd3 Nbd7 8.
Qc2 h6 9. Bh4 b6 10. Nf3 Bb7 11. O-O O-O 12. Rac1 Re8 13. a3 Ne4 14. Bg3 Nxg3
15. hxg3 c5 16. dxc5 Bxc5 17. Rfd1 Ne5 18. Be4 Nxf3+ 19. Bxf3 Qg5 20. Nxd5 Rac8
21. Qe2 Bxd5 22. Rxd5 Re5 23. Rxe5 Qxe5 24. b4 1-0

[Event "4NCL/Div4/SXM vs. NKN2 prelims"]
[Site "Telford ENG"]
[Date "2003.03.09"]
[Round "6.2"]
[White "Morgan, Steve"]
[Black "Kelly, Paul J"]
[Result "1/2-1/2"]
[WhiteElo "1794"]
[BlackElo "1904"]
[PlyCount "122"]
[EventDate "2003.03.09"]

1. d4 d6 2. Nc3 g6 3. e4 c6 4. Nf3 Bg7 5. Be3 Nf6 6. Qd2 Ng4 7. Bg5 h6 8. Bf4
g5 9. Bg3 Qa5 10. a3 b5 11. b4 Qb6 12. Rd1 Nf6 13. Be2 Nh5 14. Qd3 a6 15. O-O
Bb7 16. Kh1 Nd7 17. e5 Nxg3+ 18. fxg3 O-O-O 19. exd6 exd6 20. Ne4 c5 21. c3 c4
22. Qc2 Rde8 23. Nf2 Bd5 24. Ng1 Qc6 25. Bf3 Nf6 26. Qf5+ Kb8 27. Rfe1 Bxf3 28.
gxf3 Qd5 29. Qc2 Qb7 30. Ne4 Qd7 31. Ra1 Nd5 32. a4 f5 33. axb5 fxe4 34. fxe4
Nxb4 35. cxb4 axb5 36. Rad1 Qb7 37. d5 Re7 38. Nf3 Rhe8 39. Nd4 Bxd4 40. Rxd4
Rf8 41. Kg2 Qb6 42. Rd2 Re5 43. Ra1 Rf7 44. Qa2 Ra7 45. Qxa7+ Qxa7 46. Rxa7
Kxa7 47. Kf3 g4+ 48. Ke3 Kb6 49. Rf2 Rh5 50. Kd4 Kc7 51. Rf7+ Kc8 52. Rf8+ Kd7
53. Rf7+ Ke8 54. Rf2 Ke7 55. Ra2 Kf7 56. Rf2+ Ke7 57. Ra2 Kf6 58. Rf2+ Kg6 59.
Ra2 Kf6 60. Rf2+ Ke7 61. Ra2 Kf6 {=} 1/2-1/2

[Event "4NCL/Div4/SXM vs. NKN2 prelims"]
[Site "Telford ENG"]
[Date "2003.03.09"]
[Round "6.3"]
[White "de Mooi, Connagh-Joseph"]
[Black "Arnold, Chris"]
[Result "1-0"]
[WhiteElo "1720"]
[BlackElo "1615"]
[PlyCount "59"]
[EventDate "2003.03.09"]

1. e4 Nc6 2. Nc3 Nf6 3. d4 d5 4. e5 Nd7 5. Be3 Nb6 6. Nf3 Bg4 7. Be2 e6 8. Nd2
Bxe2 9. Qxe2 Be7 10. Qg4 g6 11. O-O Qd7 12. a4 O-O-O 13. a5 Na8 14. Qe2 a6 15.
Rfb1 Na7 16. b4 c6 17. Na4 Rdg8 18. c3 g5 19. Nb3 h5 20. Nbc5 Bxc5 21. Nxc5 Qe7
22. Rf1 Nb5 23. Qd2 g4 24. f4 gxf3 25. Rxf3 Rh7 26. Raf1 Rhg7 27. R1f2 Qh4 28.
Rxf7 Rxg2+ 29. Rxg2 Rxg2+ 30. Kxg2 1-0

[Event "4NCL/Div4/SXM vs. NKN2 prelims"]
[Site "Telford ENG"]
[Date "2003.03.09"]
[Round "6.4"]
[White "Johnston, Gruffydd E"]
[Black "Barraclough, David"]
[Result "0-1"]
[WhiteElo "1623"]
[BlackElo "1640"]
[PlyCount "56"]
[EventDate "2003.03.09"]

1. c4 Nf6 2. Nc3 g6 3. g3 Bg7 4. Bg2 O-O 5. e4 d6 6. Nge2 e5 7. O-O c6 8. f4 a5
9. d3 Nbd7 10. h3 Nc5 11. f5 Qc7 12. g4 Nfd7 13. Ng3 b6 14. Be3 Bb7 15. Qd2
Rad8 16. Bh6 b5 17. Bxg7 Kxg7 18. Rf2 b4 19. Nce2 d5 20. Raf1 Nf6 21. cxd5 cxd5
22. fxg6 fxg6 23. Qg5 Qb6 24. Nh5+ Kh8 25. Nxf6 Nxd3 26. Qh4 Rf7 27. Nxd5 Bxd5
28. exd5 Rdf8 0-1

[Event "4NCL/Div4/SXM vs. NKN2 prelims"]
[Site "Telford ENG"]
[Date "2003.03.09"]
[Round "6.5"]
[White "Prescott, Adam"]
[Black "Thomas, Joseff"]
[Result "1-0"]
[WhiteElo "1472"]
[BlackElo "1574"]
[PlyCount "88"]
[EventDate "2003.03.09"]

1. e4 d6 2. d4 g6 3. Nc3 Bg7 4. f4 Nd7 5. Nf3 Ngf6 6. e5 Ng4 7. Ng5 h6 8. Nxf7
Kxf7 9. e6+ Kf8 10. Qxg4 Nf6 11. Qh3 d5 12. Bd3 g5 13. O-O g4 14. Qe3 Ne4 15.
f5 c6 16. Ne2 Nf6 17. Nf4 Ke8 18. Bd2 Ne4 19. c3 Nxd2 20. Qxd2 Qa5 21. b4 Qb6
22. Kh1 Rg8 23. a4 Bf6 24. Nh5 Bg5 25. Qe2 a5 26. bxa5 Qxa5 27. c4 dxc4 28.
Bxc4 b5 29. Bb3 Qc3 30. Qd1 Bf6 31. Nxf6+ exf6 32. Rc1 Qb2 33. axb5 cxb5 34.
Rc2 Qa3 35. Ra2 Qxa2 36. Bxa2 Rxa2 37. Qb3 Rd2 38. Qxb5+ Ke7 39. Qb4+ Ke8 40.
Qxd2 g3 41. hxg3 Rxg3 42. Qxh6 Ba6 43. Qf4 Ra3 44. Rb1 Ke7 1-0

[Event "4NCL/Div4/SXM vs. NKN2 prelims"]
[Site "Telford ENG"]
[Date "2003.03.09"]
[Round "6.6"]
[White "Thomas, Jac"]
[Black "Barraclough, Stephanie"]
[Result "1-0"]
[WhiteElo "1406"]
[BlackElo "1472"]
[PlyCount "63"]
[EventDate "2003.03.09"]

1. e4 d5 2. d4 dxe4 3. Nc3 Bf5 4. f3 e3 5. Bxe3 e6 6. Bd3 Bxd3 7. Qxd3 a6 8.
Nge2 Nc6 9. O-O-O Nge7 10. Nf4 Nf5 11. g4 Nxe3 12. Qxe3 Bd6 13. d5 Qg5 14. Nce2
Nd8 15. h4 Qe7 16. dxe6 Nxe6 17. Nd5 Qd7 18. f4 Kf8 19. f5 Nc5 20. f6 Ne6 21.
Nd4 Re8 22. Nf5 Rg8 23. Nde7 Rh8 24. fxg7+ Nxg7 25. Qh6 Bf4+ 26. Qxf4 Qe6 27.
Rhe1 Qf6 28. g5 Qb6 29. Qe5 f6 30. gxf6 Nh5 31. Ng6+ Kf7 32. Nxh8+ 1-0